Objectives of the U.S. information agency: controversies and analysis (Record no. 353018)

000 -LEADER
fixed length control field 00450cam a22001337a 4500
008 - FIXED-LENGTH DATA ELEMENTS--GENERAL INFORMATION
fixed length control field 180718b1966 xxu||||| |||| 00| 0 eng d
082 ## - DEWEY DECIMAL CLASSIFICATION NUMBER
Classification number I549x73 M824
100 ## - MAIN ENTRY--PERSONAL NAME
Personal name Rubin, Ronald I.
245 ## - TITLE STATEMENT
Title Objectives of the U.S. information agency: controversies and analysis
Statement of responsibility, etc. by Ronald I. Rubin
260 ## - PUBLICATION, DISTRIBUTION, ETC.
Place of publication, distribution, etc. New York
Name of publisher, distributor, etc. Praeger
Date of publication, distribution, etc. 1966
300 ## - PHYSICAL DESCRIPTION
Extent 251p.
650 ## - SUBJECT ADDED ENTRY--TOPICAL TERM
Topical term or geographic name entry element United States --Relations --Foreign countries
650 ## - SUBJECT ADDED ENTRY--TOPICAL TERM
Topical term or geographic name entry element United States Information Agency
Holdings
Withdrawn status Lost status Damaged status Not for loan Permanent Location Current Location Date acquired Full call number Barcode Date last seen Price effective from Koha item type
        Indian Institute of Public Administration Indian Institute of Public Administration 1993-11-26 I549x73 M824 46624 2018-07-21 2018-07-21 Book

Powered by Koha